| 000 | 00546nam a2200169 a 4500 | ||
|---|---|---|---|
| 001 | 000036248 | ||
| 005 | 20200930075630.0 | ||
| 008 | 120111s1988 mx a 000 0 spa d | ||
| 020 | _a9682512638 | ||
| 040 |
_aDO-SdBNP _bspa _cBNPHU |
||
| 082 |
_axxx _bL864e |
||
| 100 | 1 |
_aLópez Luna, Ma. Concepción _962348 |
|
| 245 | 1 | 0 |
_aEnfermeria sanitaria / _cMa. Concepción López Luna ; editor Javier Sánchez Orozco. |
| 260 |
_aMéxico : _bInteramericana, _c1988. |
||
| 300 |
_a237 p. : _bil. ; _c23 cm. |
||
| 700 | 1 |
_aSánchez Orozco, Javier, _eed. _962349 |
|
| 999 |
_c35739 _d35739 |
||